Monterrey... or Guadalajara? - Statistics

General Stats
  • This quiz has been taken 48 times
  • The average score is 12 of 20
Answer Stats
Question Answer % Correct
Is the capital of the state it is located in Both
89%
Is closer to the sea Guadalajara
89%
Is further north Monterrey
84%
Its inhabitants are colloquially referred to as "tapatíos" Guadalajara
74%
Is commonly associated with mariachi and tequila Guadalajara
74%
Is more expensive Monterrey
74%
Shares a very similar name with a city in California Monterrey
74%
Has a lower average temperature Guadalajara
68%
Is home to the tallest building in Latin America Monterrey
68%
Is older Guadalajara
63%
Hosts the seconds largest book fair in the world Guadalajara
63%
Has a larger population in its metropolitan area Monterrey
63%
Has two football teams in Liga MX Both
58%
Has a higher GDP per capita Monterrey
58%
Has the Cerro de la Silla as one of its most iconic landmarks Monterrey
58%
Has a metro system Both
47%
Was located in Nueva Galicia during the colonial period Guadalajara
42%
Was the site of a battle during the Mexican-American War. Monterrey
42%
Is known as "Mexico's Silicon Valley" Guadalajara
37%
Was the provisional capital of Mexico Monterrey
21%
No matching quizzes found
Score Distribution
Percent of People with Each Score
Percentile by Number Answered
Your Score History
You have not taken this quiz